<?xml version="1.0" encoding="UTF-8"?>
<record
    xmlns:xsi="http://www.w3.org/2001/XMLSchema-instance"
    xsi:schemaLocation="http://www.loc.gov/MARC21/slim http://www.loc.gov/standards/marcxml/schema/MARC21slim.xsd"
    xmlns="http://www.loc.gov/MARC21/slim">

  <leader>00589nam a22002057a 4500</leader>
  <controlfield tag="003">OSt</controlfield>
  <controlfield tag="005">20220524154120.0</controlfield>
  <controlfield tag="008">220524b        |||||||| |||| 00| 0 eng d</controlfield>
  <datafield tag="020" ind1=" " ind2=" ">
    <subfield code="a">9783110587234</subfield>
  </datafield>
  <datafield tag="082" ind1=" " ind2=" ">
    <subfield code="a">401.43</subfield>
    <subfield code="b">SE5S</subfield>
  </datafield>
  <datafield tag="245" ind1=" " ind2=" ">
    <subfield code="a"> Semantics : interfaces</subfield>
    <subfield code="c">edited by Claudia Maienborn, Klaus von Heusinger, Paul Portner</subfield>
  </datafield>
  <datafield tag="260" ind1=" " ind2=" ">
    <subfield code="a">Berlin</subfield>
    <subfield code="b">De Gruyter</subfield>
    <subfield code="c">2019</subfield>
  </datafield>
  <datafield tag="300" ind1=" " ind2=" ">
    <subfield code="a">vi, 626p.</subfield>
  </datafield>
  <datafield tag="490" ind1=" " ind2=" ">
    <subfield code="a">Mouton Reader</subfield>
  </datafield>
  <datafield tag="653" ind1=" " ind2=" ">
    <subfield code="a">Semantics</subfield>
  </datafield>
  <datafield tag="700" ind1=" " ind2=" ">
    <subfield code="a">Maienborn, Claudia</subfield>
    <subfield code="e">Editor</subfield>
  </datafield>
  <datafield tag="700" ind1=" " ind2=" ">
    <subfield code="a">Heusinger, Klaus von</subfield>
    <subfield code="e">Editor</subfield>
  </datafield>
  <datafield tag="700" ind1=" " ind2=" ">
    <subfield code="a">Portner, Paul</subfield>
    <subfield code="e">Editor</subfield>
  </datafield>
  <datafield tag="942" ind1=" " ind2=" ">
    <subfield code="2">ddc</subfield>
    <subfield code="c">BK</subfield>
  </datafield>
  <datafield tag="999" ind1=" " ind2=" ">
    <subfield code="c">24953</subfield>
    <subfield code="d">24953</subfield>
  </datafield>
  <datafield tag="952" ind1=" " ind2=" ">
    <subfield code="0">0</subfield>
    <subfield code="1">0</subfield>
    <subfield code="2">ddc</subfield>
    <subfield code="4">0</subfield>
    <subfield code="7">0</subfield>
    <subfield code="8">TXB</subfield>
    <subfield code="a">CURAJ</subfield>
    <subfield code="b">CURAJ</subfield>
    <subfield code="d">2022-05-24</subfield>
    <subfield code="e">DLI</subfield>
    <subfield code="l">0</subfield>
    <subfield code="o">401.43 SE5S</subfield>
    <subfield code="p">37225</subfield>
    <subfield code="r">2022-05-24</subfield>
    <subfield code="w">2022-05-24</subfield>
    <subfield code="y">BK</subfield>
  </datafield>
  <datafield tag="952" ind1=" " ind2=" ">
    <subfield code="0">0</subfield>
    <subfield code="1">0</subfield>
    <subfield code="2">ddc</subfield>
    <subfield code="4">0</subfield>
    <subfield code="7">0</subfield>
    <subfield code="8">TXB</subfield>
    <subfield code="a">CURAJ</subfield>
    <subfield code="b">CURAJ</subfield>
    <subfield code="d">2024-10-23</subfield>
    <subfield code="e">DLI</subfield>
    <subfield code="l">0</subfield>
    <subfield code="o">401.43 SE5S</subfield>
    <subfield code="p">40935</subfield>
    <subfield code="r">2024-10-23</subfield>
    <subfield code="w">2024-10-23</subfield>
    <subfield code="y">BK</subfield>
  </datafield>
</record>
